Geography Quiz

Random Geography or City Quiz

Countries by Second Largest City Quiz Stats

 Plays Quiz Updated Feb 1, 2021

Support Sporcle.
Go Orange.
Score 0/197 Timer 20:00
1 Play Today
Second Largest City Country % Correct
Los AngelesUnited States
86.2%
Rio de JaneiroBrazil
85.7%
BeijingChina
85.5%
Vatican City (only city in country)Vatican City
84.9%
St. PetersburgRussia
84.8%
Cape TownSouth Africa
84.8%
DelhiIndia
84.7%
Singapore (only city in country)Singapore
84.6%
BarcelonaSpain
84.5%
MelbourneAustralia
84.4%
MontréalCanada
84.1%
MilanItaly
83.8%
HamburgGermany
83.6%
GenevaSwitzerland
81.4%
Tel Aviv-JaffaIsrael
81.1%
MarseilleFrance
80.9%
BirminghamUnited Kingdom
80.5%
RotterdamNetherlands
80.2%
HanoiVietnam
79.8%
KrakowPoland
79.3%
Abu DhabiUnited Arab Emirates
79.3%
AnkaraTurkey
79.1%
Santiago de CubaCuba
77.5%
ManilaPhilippines
77.4%
AlexandriaEgypt
76.9%
CorkIreland
76.3%
YokohamaJapan
76%
QuitoEcuador
74.2%
Monaco (only city in country)Monaco
73.5%
DamascusSyria
71.3%
ThessaloníkiGreece
71.1%
ChristchurchNew Zealand
68.8%
GhentBelgium
68%
CaracasVenezuela
65.5%
PortoPortugal
65.2%
GothenburgSweden
64.9%
MosulIraq
64.3%
KhartoumSudan
64.2%
VaduzLiechtenstein
62.5%
LahorePakistan
62.2%
FesMorocco
61%
MedellínColombia
59.9%
SplitCroatia
59%
BergenNorway
58.7%
JeddahSaudi Arabia
56.8%
TürkmenabatTurkmenistan
56.3%
BenghaziLibya
55.7%
DohaQatar
55.6%
MombasaKenya
53.3%
GrazAustria
52.2%
AarhusDenmark
52.1%
BusanSouth Korea
49.9%
YaoundéCameroon
49.8%
BrnoCzechia
47.8%
AdenYemen
46.3%
KharkivUkraine
45.2%
CórdobaArgentina
45%
ValparaísoChile
44.7%
ChittagongBangladesh
43.5%
EspooFinland
41.5%
Porto-NovoBenin
41.4%
GeorgetownGuyana
40.4%
EcatepecMexico
38.3%
MandalayMyanmar
37.1%
Cluj-NapocaRomania
36.8%
KaunasLithuania
36.6%
Second Largest City Country % Correct
Novi SadSerbia
36.4%
KošiceSlovakia
36.3%
DebrecenHungary
35.9%
TripoliLebanon
35.8%
PlovdivBulgaria
35.2%
SurabayaIndonesia
34.9%
SamarkandUzbekistan
34.7%
Esch-sur-AlzetteLuxembourg
33.4%
TartuEstonia
31.2%
PalikirMicronesia
31%
Banja LukaBosnia and Herzegovina
30.9%
MariborSlovenia
30.9%
HeratAfghanistan
29.8%
NikšićMontenegro
29.4%
DaugavpilsLatvia
29%
ShymkentKazakhstan
28.9%
Siĕm RéabCambodia
28.9%
ArequipaPeru
28.3%
KanoNigeria
28.2%
Borgo MaggioreSan Marino
28.1%
OshKyrgyzstan
28%
DurrësAlbania
27.3%
FreeportBahamas
27%
KópavogurIceland
26.7%
Kuala BelaitBrunei
26.7%
KaohsiungTaiwan
25.2%
LubumbashiDemocratic Republic of the Congo
24.6%
SfaxTunisia
24.5%
El AltoBolivia
24.3%
HamhŭngNorth Korea
24.2%
StróvolosCyprus
23.8%
BulawayoZimbabwe
23.4%
Escaldes-EngordanyAndorra
23.3%
Johor BahruMalaysia
23.2%
Ciudad del EsteParaguay
22.9%
San Pedro SulaHonduras
22.5%
MixcoGuatemala
22.4%
BălţiMoldova
22.2%
PrizrenKosovo
21.9%
MeshedIran
21.5%
Al-MuharraqBahrain
21.4%
GomelBelarus
21.3%
LeónNicaragua
20.5%
Santiago de los CaballerosDominican Republic
20.1%
ManziniEswatini
20.1%
BlantyreMalawi
19.5%
Az-ZarqaJordan
19.4%
SaltoUruguay
19.2%
NonthaburiThailand
18.8%
BoumerdèsAlgeria
18.2%
LaePapua New Guinea
17.9%
Bobo DioulassoBurkina Faso
17.9%
CarrefourHaiti
17.5%
KumasiGhana
17.4%
NouadhibouMauritania
17.3%
Pointe-NoireRepublic of the Congo
16.9%
San MiguelitoPanama
16.8%
PokharaNepal
16.6%
BatumiGeorgia
16.6%
Sandy Point TownSt. Kitts and Nevis
16.4%
HargeisaSomalia
16.4%
GanjaAzerbaijan
16.2%
ToamasinaMadagascar
16.1%
PhuntsholingBhutan
16.1%
MwanzaTanzania
16%
GitegaBurundi
15.9%
Second Largest City Country % Correct
Khan YunisPalestine
15.7%
SavannakhétLaos
15.7%
PortmoreJamaica
15.7%
SpeightstownBarbados
15.6%
FrancistownBotswana
15.5%
MostaMalta
15.4%
San IgnacioBelize
15.3%
KumanovoNorth Macedonia
15.2%
GyumriArmenia
15.2%
Port-GentilGabon
14.8%
BimboCentral African Republic
14.8%
NazretEthiopia
14.8%
All SaintsAntigua and Barbuda
14.7%
HulhumaléMaldives
14.5%
ErdenetMongolia
14.4%
FarwaniyaKuwait
14.4%
FakaifouTuvalu
14.2%
WauSouth Sudan
14.2%
RunduNamibia
14.1%
Ali-SabiehDjibouti
14%
NeiafuTonga
14%
LautokaFiji
14%
KhujandTajikistan
13.9%
GrenvilleGrenada
13.9%
SoyapangoEl Salvador
13.8%
San FernandoTrinidad and Tobago
13.8%
HuamboAngola
13.7%
BawsharOman
13.6%
HerediaCosta Rica
13.5%
BataEquatorial Guinea
13.4%
PortsmouthDominica
13.4%
Baie Sainte AnneSeychelles
13.4%
BouakéCôte d'Ivoire
13.3%
KitweZambia
13.2%
Vacoas-PhoenixMauritius
13%
MatolaMozambique
13%
SikassoMali
12.9%
TrindadeSão Tomé and Príncipe
12.8%
CalliaquaSt. Vincent and the Grenadines
12.4%
BexonSt. Lucia
12.3%
MoundouChad
12.2%
AiraiPalau
12.1%
KoewarasanSuriname
12%
NzérékoréGuinea
12%
LuganvilleVanuatu
11.9%
AiwoNauru
11.9%
KerenEritrea
11.7%
MindeloCabo Verde
11.7%
GabúGuinea-Bissau
11.7%
ToubaSenegal
11.6%
TeyateyanengLesotho
11.6%
KaduwelaSri Lanka
11.5%
KaraTogo
11.4%
VaiteleSamoa
11.2%
GisenyiRwanda
11%
DarritMarshall Islands
10.9%
BaucauTimor-Leste
10.7%
MutsamuduComoros
10.7%
BrikamaThe Gambia
10.7%
NansanaUganda
10.6%
MaradiNiger
10.5%
KenemaSierra Leone
10.4%
BikenibeuKiribati
10.4%
GbarngaLiberia
10.3%
TandaiSolomon Islands
9.7%

You're not logged in!

Compare scores with friends on all Sporcle quizzes.
OR
Log In
Forgot?

From the Vault

Three Hits in One Year IV

by ghcgh

Music 6m
The hits keep on coming.
Remove Ads.
Support Sporcle.
Get the best of Sporcle when you Go Orange. This ad-free experience offers more features, more stats, and more fun while also helping to support Sporcle. Thank you for becoming a member.

Show Comments

Extras

Top Quizzes Today


Score Distribution

Your Account Isn't Verified!

In order to create a playlist on Sporcle, you need to verify the email address you used during registration. Go to your Sporcle Settings to finish the process.

Report this User

Report this user for behavior that violates our Community Guidelines.

Details: